|
|
|
|
| LEADER |
05394cam a2200469ua 4500 |
| 020 |
|
|
|a 9788171883707
|
| 082 |
1 |
4 |
|a 338.10954
|b STA
|
| 100 |
1 |
|
|a Yoginder Alagh K .
|
| 245 |
0 |
0 |
|a State of the Indian farmer: Vol. 1-27
|b a millennium study
|
| 260 |
|
|
|a New Delhi :
|b Acadamic Foundation ,
|c 2004.
|
| 300 |
|
|
|a vol 1- 314, vol 2-384, vol 3-320, vol 4-381, vol 5-172 , vol 6-255 , vol 7-255, vol 8-336, vol 9-344, vol 10-172, vol 11-254, vol 12-249 , vol 13-178, vol 14-336, vol 15-197, vol 16-224, vol.17-259, vol.18-236, vol 19-327, vol 20-168, vol 21-226, vol 22-158, vol 23-219, vol 24-293, vol 25-169, vol 26-147
|
| 500 |
|
|
|a vol.1. Overview
vol.2.Land resources
vol.3.Water resources
vol.4.Rural infrastructure
vol.5.Technology generation and IPR issues
vol.6.Agriculture extension
vol.7.Agriculture credit in India
vol.8 Input management
vol.9.Crops and cultivation
vol.10.Rainfed agriculture
vol.11.Hortculture development
vol.12.Animal husbandry
vol.13.Fisheries development
vol.14.Cost of cultivation and farm income
vol.15.Terms of trade
vol.16.Post harvest management
vol.17.Agricultural marketing
vol.18.Agricultural exports
vol.19.Globalisation and Indian agriculture
vol.20.Information support
vol.21.Natural disaster management
vol.22.Risk management
vol.23.NGOs and farmers movements
vol.24.Co-operatives in agriculture
vol.25.Women in agriculture
vol.26.Policy and Organisational support
|
| 505 |
|
|
|a
Conceived, planned, and coordinated over four years by officers of the Ministry of Agriculture of the Indian government, The Millennium Study discusses the major transformation of farming in India from the traditional to the modern, with millions of farmers participating in the green revolution and becoming increasingly conscious of science and technology.
|
| 942 |
|
|
|c REF
|
| 999 |
|
|
|c 36627
|d 36627
|
| 952 |
|
|
|0 0
|1 0
|4 0
|7 0
|9 46925
|a KU
|b KU
|c REF
|d 2015-07-05
|h v.1
|o 338.10954 STA.1
|p AE00562
|y REF
|
| 952 |
|
|
|0 0
|1 0
|4 0
|6 338_109540000000000_STA_2
|7 0
|9 46926
|a KU
|b KU
|c REF
|d 2015-07-05
|h v.2
|o 338.10954 STA.2
|p AE00563
|y REF
|
| 952 |
|
|
|0 0
|1 0
|4 0
|6 338_109540000000000_STA_3
|7 0
|9 46927
|a KU
|b KU
|c REF
|d 2015-07-05
|h v.3
|o 338.10954 STA.3
|p AE00564
|y REF
|
| 952 |
|
|
|0 0
|1 0
|4 0
|6 338_109540000000000_STA_4
|7 0
|9 46928
|a KU
|b KU
|c REF
|d 2015-07-05
|h v.4
|o 338.10954 STA.4
|p AE00565
|y REF
|
| 952 |
|
|
|0 0
|1 0
|4 0
|6 338_109540000000000_STA_5
|7 0
|9 46929
|a KU
|b KU
|c REF
|d 2015-07-05
|h v.5
|o 338.10954 STA.5
|p AE00566
|y REF
|
| 952 |
|
|
|0 0
|1 0
|4 0
|6 338_109540000000000_STA_6
|7 0
|9 46930
|a KU
|b KU
|c REF
|d 2015-07-05
|h v.6
|o 338.10954 STA.6
|p AE00567
|y REF
|
| 952 |
|
|
|0 0
|1 0
|4 0
|6 338_109540000000000_STA_7
|7 0
|9 46931
|a KU
|b KU
|c REF
|d 2015-07-05
|h v.7
|o 338.10954 STA.7
|p AE00568
|y REF
|
| 952 |
|
|
|0 0
|1 0
|4 0
|6 338_109540000000000_STA_8
|7 0
|9 46932
|a KU
|b KU
|c REF
|d 2015-07-05
|h v.8
|o 338.10954 STA.8
|p AE00569
|y REF
|
| 952 |
|
|
|0 0
|1 0
|4 0
|6 338_109540000000000_STA_9
|7 0
|9 46933
|a KU
|b KU
|c REF
|d 2015-07-05
|h v.9
|o 338.10954 STA.9
|p AE00570
|y REF
|
| 952 |
|
|
|0 0
|1 0
|4 0
|6 338_109540000000000_STA_11
|7 0
|9 46935
|a KU
|b KU
|c REF
|d 2015-07-05
|h v.11
|o 338.10954 STA.11
|p AE00572
|y REF
|
| 952 |
|
|
|0 0
|1 0
|4 0
|6 338_109540000000000_STA_12
|7 0
|9 46936
|a KU
|b KU
|c REF
|d 2015-07-05
|h v.12
|o 338.10954 STA.12
|p AE00573
|y REF
|
| 952 |
|
|
|0 0
|1 0
|4 0
|6 338_109540000000000_STA_13
|7 0
|9 46937
|a KU
|b KU
|c REF
|d 2015-07-05
|h v.13
|o 338.10954 STA.13
|p AE00574
|y REF
|
| 952 |
|
|
|0 0
|1 0
|4 0
|6 338_109540000000000_STA_14
|7 0
|9 46938
|a KU
|b KU
|c REF
|d 2015-07-05
|h v.14
|o 338.10954 STA.14
|p AE00575
|y REF
|
| 952 |
|
|
|0 0
|1 0
|4 0
|6 338_109540000000000_STA_15
|7 0
|9 46939
|a KU
|b KU
|c REF
|d 2015-07-05
|h v.15
|o 338.10954 STA.15
|p AE00576
|y REF
|
| 952 |
|
|
|0 0
|1 0
|4 0
|6 338_109540000000000_STA_16
|7 0
|9 46940
|a KU
|b KU
|c REF
|d 2015-07-05
|h v.16
|o 338.10954 STA.16
|p AE00577
|y REF
|
| 952 |
|
|
|0 0
|1 0
|4 0
|6 338_109540000000000_STA_17
|7 0
|9 46941
|a KU
|b KU
|c REF
|d 2015-07-05
|h v.17
|o 338.10954 STA.17
|p AE00578
|y REF
|
| 952 |
|
|
|0 0
|1 0
|4 0
|6 338_109540000000000_STA_18
|7 0
|9 46942
|a KU
|b KU
|c REF
|d 2015-07-05
|h v.18
|o 338.10954 STA.18
|p AE00579
|y REF
|
| 952 |
|
|
|0 0
|1 0
|4 0
|6 338_109540000000000_STA_19
|7 0
|9 46943
|a KU
|b KU
|c REF
|d 2015-07-05
|h v.19
|o 338.10954 STA.19
|p AE00580
|y REF
|
| 952 |
|
|
|0 0
|1 0
|4 0
|6 338_109540000000000_STA_20
|7 0
|9 46944
|a KU
|b KU
|c REF
|d 2015-07-05
|h v.20
|o 338.10954 STA.20
|p AE00581
|y REF
|
| 952 |
|
|
|0 0
|1 0
|4 0
|6 338_109540000000000_STA_21
|7 0
|9 46945
|a KU
|b KU
|c REF
|d 2015-07-05
|h v.21
|o 338.10954 STA.21
|p AE00582
|y REF
|
| 952 |
|
|
|0 0
|1 0
|4 0
|6 338_109540000000000_STA_22
|7 0
|9 46946
|a KU
|b KU
|c REF
|d 2015-07-05
|h v.22
|o 338.10954 STA.22
|p AE00583
|y REF
|
| 952 |
|
|
|0 0
|1 0
|4 0
|6 338_109540000000000_STA_23
|7 0
|9 46947
|a KU
|b KU
|c REF
|d 2015-07-05
|h v.23
|o 338.10954 STA.23
|p AE00584
|y REF
|
| 952 |
|
|
|0 0
|1 0
|4 0
|6 338_109540000000000_STA_24
|7 0
|9 46948
|a KU
|b KU
|c REF
|d 2015-07-05
|h v.24
|o 338.10954 STA.24
|p AE00585
|y REF
|
| 952 |
|
|
|0 0
|1 0
|4 0
|6 338_109540000000000_STA_25
|7 0
|9 46949
|a KU
|b KU
|c REF
|d 2015-07-05
|h v.25
|o 338.10954 STA.25
|p AE00586
|y REF
|
| 952 |
|
|
|0 0
|1 0
|4 0
|6 338_109540000000000_STA_26
|7 0
|9 46950
|a KU
|b KU
|c REF
|d 2015-07-05
|h v.26
|o 338.10954 STA.26
|p AE00587
|y REF
|
| 952 |
|
|
|0 0
|1 0
|4 0
|7 0
|9 46951
|a KU
|b KU
|c REF
|d 2015-07-05
|h v.27
|o 338.10954 STA.27
|p AE00588
|y REF
|
| 952 |
|
|
|0 0
|1 0
|4 0
|6 338_109540000000000_STA_10
|7 0
|9 71141
|a KU
|b KU
|c REF
|d 2020-11-25
|h v.10
|l 0
|o 338.10954 STA.10
|p AE00571
|r 2020-11-25
|w 2020-11-25
|y REF
|